[Event "EU-ch Hybrid U16"]
[Site "Tornelo INT"]
[Date "2021.10.15"]
[Round "7"]
[White "Smuda, Tomasz"]
[Black "Ozsac, Samet Harun"]
[Result "0-1"]
[WhiteElo "1460"]
[BlackElo "1887"]
[PlyCount "88"]
[EventDate "2021.10.15"]
[EventType "swiss"]
[EventRounds "9"]
[EventCountry "NET"]
[SourceTitle "EXT 2023"]
[Source "ChessBase"]
[SourceDate "2022.10.05"]
[SourceVersion "1"]
[SourceVersionDate "2022.10.05"]
[SourceQuality "1"]
[WhiteTeam "Poland"]
[BlackTeam "Turkey"]
[WhiteTeamCountry "POL"]
[BlackTeamCountry "TUR"]

1. e4 c5 2. c3 Nf6 3. e5 Nd5 4. d4 cxd4 5. Nf3 e6 6. cxd4 d6 7. Nc3 dxe5 8. Nxe5 Be7 9. a3 0-0 10. Bd3 Bf6 11. 0-0 Nd7 12. f4 g6 13. Kh1 Bg7 14. Ne4 N7f6 15. g4 b6 16. g5 Nxe4 17. Bxe4 Bb7 18. Bg2 Rc8 19. Bd2 Rc7 20. Rc1 Rxc1 21. Qxc1 Qa8 22. Rf2 Rc8 23. Bc3 Nxc3 24. bxc3 Bxg2+ 25. Rxg2 Bxe5 26. dxe5 Qf3 27. Qd2 Qxc3 28. Qxc3 Rxc3 29. Rg3 Rxg3 30. hxg3 Kf8 31. Kg2 Ke7 32. Kf3 Kd7 33. Ke4 Kc6 34. g4 Kb5 35. f5 Ka4 36. fxe6 fxe6 37. Kd4 Kxa3 38. Kc3 Ka4 39. Kc4 a5 40. Kd4 Kb4 41. Kd3 Kb3 42. Kd4 a4 43. Kd3 a3 44. Kd4 a2 0-1